Gaano ba katagal ang sa isang taon? (Record no. 13753)

000 -LEADER
fixed length control field 00639nam a2200181 4500
020 ## - ISBN
ISBN 9786210500523
082 ## - DEWEY DECIMAL CLASSIFICATION NUMBER
Classification number Fil./Res. 899.211 CC9573g 2025
100 ## - MAIN ENTRY--PERSONAL NAME
Personal name Cruz, Genaro R. Gojo
245 ## - TITLE STATEMENT
Title Gaano ba katagal ang sa isang taon?
Statement of responsibility, etc. kuwento ni Genaro R. Gojo Cruz ; guhit ni Mark Ronell D. Bernaldez
260 ## - PUBLICATION, DISTRIBUTION, ETC. (IMPRINT)
Place of publication, distribution, etc. Makati City, Philippines
Name of publisher, distributor, etc. The Bookmark, Inc.
Date of publication, distribution, etc. c2025
300 ## - PHYSICAL DESCRIPTION
Extent/Page number 32 pages
Other physical details col. ill.
Dimensions 43 x 28 cm.
526 ## - STUDY PROGRAM INFORMATION NOTE
PROGRAM TYPE FILIPINIANA
SUB-PROGRAM TYPE Literatures of East and Southeast Asia
650 ## - SUBJECT ADDED ENTRY--TOPICAL TERM
Topical term or geographic name as entry element Children's poetry, Philippine.
650 ## - SUBJECT ADDED ENTRY--TOPICAL TERM
Topical term or geographic name as entry element Children's stories (Tagalog).
650 ## - SUBJECT ADDED ENTRY--TOPICAL TERM
Topical term or geographic name as entry element Time -- Juvenile poetry.
700 ## - ADDED ENTRY--PERSONAL NAME/OTHER AUTHORS
Personal name Bernaldez, Mark Ronell D.
942 ## - ADDED ENTRY ELEMENTS
Classification
Item type Book
Holdings
Withdrawn status Lost status Source of classification or shelving scheme Damaged status Not for loan Collection code Permanent Location Current Location Shelving location Date acquired Source of acquisition Cost, normal purchase price Full call number Barcode Date last seen Cost, replacement price Price effective from Item type
          Filipiniana Grade School Library Grade School Library Filipiniana 2026-01-23 MIBF 315.00 Fil./Res. 899.211 C9573g 2025 GS5745 2026-01-22 600.00 2026-01-22 Book